| 000 | 01574nam a22002897a 4500 | ||
|---|---|---|---|
| 003 | OSt | ||
| 005 | 20231214141728.0 | ||
| 008 | 230517b |||||||| |||| 00| 0 eng d | ||
| 020 | _a9789584242426 | ||
| 037 |
_aDonación _b01/02/2022 |
||
| 040 |
_aCO-JMCR _cCO-JMCR _bspa _dCO-JMCR |
||
| 041 | 0 | _aspa | |
| 082 | 0 | 4 |
_aN _bRESh |
| 100 | 1 |
_aRestrepo, Laura. _eautora _911971 |
|
| 245 | 1 |
_aHot sur / _cLaura Restrepo |
|
| 260 |
_aBogotá D.C. _bPlaneta _c2014 |
||
| 300 |
_a555 páginas _c23 cm |
||
| 490 | _aAutores Españoles e Iberoamericanos | ||
| 500 | _aIncluye datos biográficos de la autora | ||
| 520 | _aMaría Paz es una joven latina que, como tantas otras, ha llegado a Estados unidos persiguiendo la utopía. Pero el sueño americano se convierte en pesadilla cuando e acusada del asesinato de su marido, un policía blanco, y condenada a prisión. La vida de María Paz dará un giro vertiginoso cuando descubra que el verdadero horror, el que pondrá a prueba todo su temple, está esperándola fuera de las rejas. Laura Restrepo nos atrapa con este thriller trepidante, magníficamente construido, terrorífico pero también divertido. Un homenaje a la mujer y una crítica feroz al mundo occidental capitalista y a sus falsos sueños de prosperidad . | ||
| 521 | _a Recomendado para personas a partir de los 18 años | ||
| 650 |
_aNovela colombiana _ySiglo xx _914002 |
||
| 650 |
_aLiteratura colombiana _ySiglo xx _940443 |
||
| 650 |
_aMujeres prisioneras en la literatura _943025 |
||
| 650 |
_aAsesinato en la literatura _910236 |
||
| 942 |
_2ddc _cBK |
||
| 999 |
_c30021 _d16405 |
||